000 00710nas a2200229 4500
001 BR9605384
003 BR-BrBNA
005 20231205095836.0
007 ta
008 230509b bl.|||p| |||| 00| 00por d
040 _aBR-BrBNA
_bpor
_cBiblioteca Nacional de Agricultura
041 _a(Pt)
072 _aL73
100 1 _aFreitas, T.R.P.
245 1 _aAplicacao de um C-Elisa no diagnostico sorologico da peste suina classica
650 _aSUÍNO
650 _aPeste Suina
650 _aDiagnostico
773 0 _tRevista Brasileira de Medicina Veterinaria (Brazil)
_xISSN 0100-2430
_g(Sep-Oct 1995), v. 17(5) p. 218-224
_wBR9605384
909 _a202311
_bLúcia
_c55
_dLúcia Elande
942 _2AGRIS
_n0
_cANA
999 _c153012
_d153012